<?xml version="1.0" encoding="UTF-8"?>
<record
    xmlns:xsi="http://www.w3.org/2001/XMLSchema-instance"
    xsi:schemaLocation="http://www.loc.gov/MARC21/slim http://www.loc.gov/standards/marcxml/schema/MARC21slim.xsd"
    xmlns="http://www.loc.gov/MARC21/slim">

  <leader>01286    a2200169   4500</leader>
  <controlfield tag="003">Nust</controlfield>
  <controlfield tag="005">20170207153455.0</controlfield>
  <datafield tag="040" ind1=" " ind2=" ">
    <subfield code="c">Nust</subfield>
  </datafield>
  <datafield tag="082" ind1=" " ind2=" ">
    <subfield code="a">914.7</subfield>
  </datafield>
  <datafield tag="100" ind1=" " ind2=" ">
    <subfield code="a"> Gunther, John,</subfield>
  </datafield>
  <datafield tag="245" ind1=" " ind2=" ">
    <subfield code="a">Inside Russia today.</subfield>
    <subfield code="c">  Gunther, John, 1901-1970.</subfield>
  </datafield>
  <datafield tag="260" ind1=" " ind2=" ">
    <subfield code="a">: New York</subfield>
    <subfield code="b">, Harper &amp; Row</subfield>
    <subfield code="c"> [1962]</subfield>
  </datafield>
  <datafield tag="300" ind1=" " ind2=" ">
    <subfield code="a">604 p. illus</subfield>
    <subfield code="b">. 22 cm.</subfield>
  </datafield>
  <datafield tag="505" ind1=" " ind2=" ">
    <subfield code="a">Getting in (page-25) Moscow &#x2013; size (page-50) Moe About the Third Rome (Page-74) Some Soviet Attitudes (Page-94) The Party Circuit (page-108) Khrushchev  At the Top (Page-124) More Demi-gods and Thanes (page-151) A History of Russia in Half an Hour (Page-171) The Soviet Union Has Fifteen Republics (Page-196) Government and Party (Page-222) What&#x2019;s Going on (Page-240) Hungary and After (Page-266) New Worlds in Science and Education (Page-282) Writers Under Socialist Realism (Page-314) Ballet (page-337) Some Social Patterns (page-359) Aspects of The Economic Picture (page-285) The Soviet Armed Forces (Page-410) What Has Russia Got? (Page-434) Leningrad and Kiev (Page-434) Across the Black Sea the Caucasus (Page-457) Antique Worlds of Central Asia (Page-482) The Russians Gamble for the World (Page-508) Peace , Co-Existence ,and the United ) (Page-527)</subfield>
  </datafield>
  <datafield tag="538" ind1=" " ind2=" ">
    <subfield code="a">Almirah No.60 Shelf No.1</subfield>
  </datafield>
  <datafield tag="650" ind1=" " ind2=" ">
    <subfield code="a">Inside Russia today.</subfield>
  </datafield>
  <datafield tag="942" ind1=" " ind2=" ">
    <subfield code="2">ddc</subfield>
    <subfield code="c">BK</subfield>
  </datafield>
  <datafield tag="999" ind1=" " ind2=" ">
    <subfield code="c">187069</subfield>
    <subfield code="d">187069</subfield>
  </datafield>
  <datafield tag="952" ind1=" " ind2=" ">
    <subfield code="0">0</subfield>
    <subfield code="1">0</subfield>
    <subfield code="2">ddc</subfield>
    <subfield code="4">0</subfield>
    <subfield code="7">0</subfield>
    <subfield code="8">NFIC</subfield>
    <subfield code="a">MCS</subfield>
    <subfield code="b">MCS</subfield>
    <subfield code="d">2016-12-12</subfield>
    <subfield code="l">0</subfield>
    <subfield code="o">914.7  GUN</subfield>
    <subfield code="p">MCS29125</subfield>
    <subfield code="r">2016-12-08</subfield>
    <subfield code="w">2016-12-12</subfield>
    <subfield code="y">BK</subfield>
  </datafield>
</record>
